000 00517nam a22001577a 4500
003 OSt
005 20240405154529.0
008 240405b |||||||| |||| 00| 0 eng d
040 _cCentral Library MRSPTU
100 _aAmrinder Kaur (ਅਮਰਿੰਦਰ ਕੌਰ)
245 _aGhoge te Sippian (ਘੋਗੇ ਅਤੇ ਸਿੱਪੀਆਂ
_bਜੂਨੀਅਰ ਸਾਇੰਸ ਸੀਰੀਜ਼
250 _a1st
260 _aPunjab
_bDirector Education Department
_c2001
300 _a38
942 _2ddc
_cBK
_n0
999 _c10002
_d10002